00305nam a2200121Ia 4500008004100000082001800041100001600059245004600075250001200121260002700133300000800160650001500168191201s2012 xx 000 0 und d a624.1762bDUE aDUGGAL, S.K 0aEarthquake Resistant Design of Structures a7th IMP aN. DelhibOxfordc2012 a448 aB.Tech(CE)